|
|
|
|
| LEADER |
01102nam a2200301 a 4500 |
| 001 |
15808239 |
| 008 |
110328s2009 njua 001 0 eng |
| 010 |
|
|
|a 2009026222
|
| 015 |
|
|
|a GBA8E1303
|2 bnb
|
| 016 |
7 |
|
|a 014857742
|2 Uk
|
| 020 |
|
|
|a 9780672329784 (pbk.)
|
| 020 |
|
|
|a 0672329786 (pbk.)
|
| 040 |
|
|
|a DLC
|c DLC
|d BTCTA
|d YDXCP
|d UKM
|d C#P
|d BWX
|d ZQP
|d DLC
|d BD-DhAAL
|
| 050 |
0 |
0 |
|a QA76.73.P98
|b B43 2009
|
| 082 |
0 |
0 |
|a 005.13/3
|2 22
|
| 100 |
1 |
|
|a Beazley, David M.
|
| 245 |
1 |
0 |
|a Python essential reference /
|c David M. Beazley.
|
| 250 |
|
|
|a 4th ed.
|
| 260 |
|
|
|a Upper Saddle River, NJ :
|b Addison-Wesley,
|c c2009.
|
| 300 |
|
|
|a xxi, 717 p. :
|b ill. ;
|c 23 cm.
|
| 490 |
1 |
|
|a Developer's library
|
| 500 |
|
|
|a Includes index.
|
| 541 |
1 |
|
|e 00022227
|
| 650 |
|
0 |
|a Python (Computer program language)
|
| 830 |
|
0 |
|a Developer's library.
|
| 852 |
|
|
|a Ayesha Abed Library
|c General Shelf.
|
| 999 |
|
|
|c 10589
|d 10589
|
| 952 |
|
|
|0 0
|1 0
|2 ddc
|4 0
|6 005_133000000000000_BEA
|7 0
|9 15889
|a BRACUL
|b BRACUL
|c GEN
|d 2011-03-28
|e Parama
|g 3399.32
|l 26
|m 319
|o 005.133 BEA
|p 3010022227
|q 2026-06-02
|r 2026-02-26
|s 2026-02-26
|t 1
|w 2011-03-28
|y BK
|